00714nam a22002292a 450000100060000000300080000600500170001400800410003103500190007204000420009104100080013308200210014110000280016224500870019025000120027726000290028930000250031849000300034350400500037365000310042383000300045432588BD-RjUL20211209051848.0140427t1950 enk b 001 0 eng d a(BD-RjUL)32677 aDLCcODCdOCLdUKMdEQOdBD-RjULbeng aeng a299.51bHEC 19501 aHerbert, Edward,d1891-12aA Confucian notebook /cby Edward Herbert [pseud.] With a foreword by Arthur Waley a1st ed. aLondon :bMurray,c1950. axiii, 89 p. ;c18 cm1 aWisdom of the East series aIncludes bibliographical reference and index. 0aConfucius and Confucianism10aWisdom of the East series